00398nam a22001217a 450000500170000000800410001702000150005805000180007324501080009126000380019930000140023770000250025120250110132001.0250110b |||||||| |||| 00| 0 eng d a9780231692 aJA84b.N6 DOK aPhilosophy and politics;bDiscourse on values, politics and power in Africacedited by Maduabuchi Dukor aLagosbMalthouse Press Ltdcc2003 axxx, 422p aed. Maduabuchi Dukor